00200nam a2200085Ia 4500008004100000100001700041245002600058260002100084260000900105170620s9999 xx 000 0 und d aMishra S. N. 4aThe indian Penal code bCentral Law Pub. c2001